000 00681nam a2200217 a 4500
003 MX-MxUPN
005 20230602103810.0
008 991125s1937 mx a r 000 0 spa d
035 _aUPN01000000767
040 _aMX-MxUPN
_bspa
_cMX-MxUPN
041 0 _aspa
050 1 4 _aLB1573 M63
_bD42 1937
100 1 _aDelgadillo, Daniel,
_d1872-1933
_928068
245 1 1 _a¡Adelante! :
_blibro tercero /
_cDaniel Delgadillo.
250 _aVigesimasegunda edición.
260 _aMéxico :
_bHerrero Hermanos Sucesores,
_c1937.
300 _a254 páginas :
_bilustraciones
490 0 _aPara aprender a leer
650 4 _aLectura
_xEstudio y enseñanza (Elemental)
_92805
942 _2lcc
_cLIBRO
999 _c767
_d767